000 00854nam a22002177a 4500
999 _c11624
_d11624
003 AR-CdUCM
008 190404b ||||| |||| 00| 0 spa d
040 _aMUNICIPALIDAD PROVINCIAL DEL CUSCO
_cBIBLIOTECA MUNICIPAL DEL CUSCO
082 _a872 /
_bS65 / 1924
100 _aReynolds, Gregorio
_929079
245 _aSofocles :
_bEdipo rey /
260 _aLa Paz :
_bRenacimiento,
_c1924.
300 _a100 páginas ;
_c20 cm.
505 _aContenido : Edipo rey -- Dedicatoria -- Escena primera (Danzas sagrada de las caneforas en torno al altar de los sacrificios) -- Escena segunda los mismos creon -- Escena tercera Edipo y Creón se van por la puerta del fondo ...
650 _aVersión poética
_929080
650 _aObra
_91250
650 _aSiglo XX
_98
700 _aLeconte, Lisle
_929081
942 _2ddc
_cLIBROS
945 _arah
_d04/04/2019